Cities in Saarland - Statistics

General Stats
  • This quiz has been taken 55 times
  • The average score is 13 of 29
Answers on the Grid
Answers color-coded by a green-red scale on the quiz's grid according to % correct below.
Jülich
Eisenach
Dillingen/Saar
Saarburg
Waldmohr
Homburg
Winterberg
Neunkirchen
Merzig
Primasens
Saarlouis
Losheim am See
Herne
Gardelegen
Völklingen
Saarbrücken
Sankt Ingbert
Angermünde
Sankt Wendel
Mannheim
Illingen
Lebach
Überherrn
Tholey
Günzburg
Sulzbach/Saar
Blieskastel
Neustadt an der Waldnaab
Riegelsberg
Perleberg
Ottweiler
Marpingen
Püttlingen
Wilhelmshaven
Kleinblittersdorf
Teltow
Kreuzwertheim
Wadern
Ensdorf
Freyung
Langenhagen
Schmelz
Oberthal
Freisen
Rathenow
Quierschied
Heusweiler
Annaberg-Buchholz
Bexbach
Coburg
 
Answer Stats
Answer % Correct
Dillingen/Saar
84%
Merzig
60%
Neunkirchen
60%
Homburg
56%
Saarbrücken
56%
Saarlouis
56%
Losheim am See
52%
Sankt Ingbert
52%
Blieskastel
48%
Heusweiler
48%
Lebach
48%
Sulzbach/Saar
48%
Bexbach
44%
Illingen
44%
Püttlingen
44%
Quierschied
44%
Riegelsberg
44%
Tholey
44%
Völklingen
44%
Kleinblittersdorf
40%
Ottweiler
40%
Sankt Wendel
40%
Schmelz
40%
Ensdorf
36%
Freisen
36%
Marpingen
36%
Wadern
36%
Überherrn
32%
Oberthal
28%
No matching quizzes found
Score Distribution
Percent of People with Each Score
Percentile by Number Answered
Your Score History
You have not taken this quiz